000 00573nam a2200181Ia 4500
005 20250508154016.0
008 008 250505s9999 xx 000 0 eng d
037 _aTextual
040 _aFEDL
_beng
_cFEDL
041 _aeng
_2eng
084 _a378, BER
_qFEDL
100 _aBerkowitz David S
_9764848
245 0 _aInequality of opportunity in higher education : A study of minority group and related barriers to college admission
260 _aAlbany
_bWilliams Prees
_c1948
300 _a203p.
942 _cTEXL
_h378, BER
999 _c1346998
_d1346998